| 000 | 01397cam a2200265 i 4500 | ||
|---|---|---|---|
| 003 | SA-RiAUC | ||
| 005 | 20260217135854.0 | ||
| 008 | 260212q19401949su g 000r0 ara c | ||
| 040 |
_aSA-JeALM _bara _cSA-RiAUC _erda |
||
| 082 | 0 | 4 | _a258.3 |
| 090 |
_aم ن 258.3 _bج ر هـ |
||
| 100 | 1 |
_aالجوهري، عبد الله بن سليمان الجرهزي، _dتوفي 1201 هجري _eمؤلف. |
|
| 245 | 1 | 2 |
_aالمواهب السنية / _cعبد الله بن سليمان الجرهزي. معه، شرح الفرائد البهية نظم القواعد الفقهية / أبو بكر الأهدل اليمني الشافعي. |
| 264 | 1 |
_aمكة المكرمة : _bالمطبعة الماجدية، _c[1352 هـ] |
|
| 264 | 3 |
_aمكة المكرمة : _bالمطبعة الماجدية |
|
| 300 |
_a124 صفحة ؛ _c29 سم. |
||
| 336 |
_aنص _btxt _2rdacontent _3كتاب |
||
| 337 |
_aبدون وسيط _bn _2rdamedia |
||
| 650 | 7 |
_aالفقه الشافعي _2aucsh |
|
| 700 | 1 | 2 |
_aالأهدل، حسين بن عبد الرحمن بن محمد، _d789-855 هجري. _tشرح الفرائد البهية نظم القواعد الفقهية. |
| 740 | 0 | 2 | _aشرح الفرائد البهية نظم القواعد الفقهية. |
| 740 | 2 | _aالفرائد البهية نظم القواعد الفقهية. | |
| 942 |
_2ddc _cRBOOK COPY _n0 |
||
| 949 |
_aSA-JeALM _d260212 _uosman123 _n1 |
||
| 999 |
_c14370 _d14370 |
||